| 000 | 01037nam a22002292i 4500 | ||
|---|---|---|---|
| 001 | 167923 | ||
| 003 | ES-MaACL | ||
| 005 | 20230906213626.0 | ||
| 008 | 940711s1877 sp |||| | spa d | ||
| 040 |
_aCAT _bspa _cCAT _dCCPB |
||
| 100 | 1 |
_aWhiting, Sydney ( _dm. 1875) _9133924 |
|
| 245 | 1 | 0 |
_aMemorias de un estómago _b: escritas por él mismo en beneficio de todos los que comen y leen y editadas por un Ministro del Interior / _ctraducción del inglés por el doctor C.H. Gros ; traducción española del doctor Helix. |
| 250 | _a2a ed., corr. y aum. | ||
| 260 |
_aMadrid : _bManuel Rodríguez : _bLibrería de M. Sáenz García, _c1877. |
||
| 300 |
_a253 p. ; _c22 cm. |
||
| 594 | 1 | _aAutor obtenido de BLC y NUC: Sydney Whiting. | |
| 700 | 0 |
_aHelix _c, doctor. _9127840 |
|
| 700 | 1 |
_aGros, C.H. _9127570 |
|
| 852 |
_aES-MaACL _jG-13032 _z-- Enc. hol. |
||
| 852 |
_aES-MaACL _jB-3517 _z-- Rust. _z-- Legado M. de la Fuente _z-- Sobre el pie de imp. banderilla de: "Madrid : Cárlos Bailly-Bailliere" |
||
| 999 |
_c167923 _d167923 |
||